27. Internationales Wissenschftliches Kolloqium 1982 : 25. oktober bis 29. oktober 1982

Guardado en:
Detalles Bibliográficos
Formato: Libro
Lenguaje:inglés
Publicado: Ilmenau : Technische Hochschule, 1982
Etiquetas: Agregar Etiqueta
Sin Etiquetas, Sea el primero en etiquetar este registro!

MARC

LEADER 00000nam a22000003a 4500
001 stu265641
005 20150408182513.8
008 130418s--------ge------------------eng-d
020 |a 0374-3365 
040 |a STU  |b slo 
041 0 |a eng 
044 |a ge 
245 |a 27. Internationales Wissenschftliches Kolloqium 1982 :  |b 25. oktober bis 29. oktober 1982 
260 |a Ilmenau :  |b Technische Hochschule,  |c 1982 
300 |a 195 s 
996 |c I*Z2809  |l I  |s A  |a 24  |w stu265641_0001